Plzeňský místopis
| Titel: | Plzeňský místopis : depa a pročpa se takhle řiká? / Jan Hajšman, Petr Mazný |
|---|---|
| Verfasser: | ; |
| Ausgabe: | Vydání první |
| Veröffentlicht: | Plzeň : Starý most, 2018 |
| Umfang: | 171 Seiten : Illustrationen (überwiegend farbig) |
| Format: | Buch |
| Sprache: | Tschechisch |
| ISBN: | 9788087338926 |
| Hinweise zum Inhalt: |
Inhaltsverzeichnis
Cover |
alg: 49750612 001A $03004:25-07-22 001B $01999:02-12-24 $t22:32:32.000 001D $03004:28-11-22 001U $0utf8 001X $00 002@ $0Aau 002C $aText $btxt $2rdacontent 002C $aunbewegtes Bild $bsti $2rdacontent 002D $aohne Hilfsmittel zu benutzen $bn $2rdamedia 002E $aBand $bnc $2rdacarrier 003@ $0497506122 004A $A978-80-87338-92-6 006C $01073289594 $aOCoLC 007A $0BV045298809 $aBVB 007G $0DE020803B71AEBA055905C1258916003BBE08 009P $qapplication/pdf $A2 $3Inhaltsverzeichnis $uhttp://scans.hebis.de/HEBCGI/show.pl?49750612_toc.pdf $mV:DE-603;B:DE-Mb50 009P $qapplication/pdf $A2 $3Cover $uhttp://scans.hebis.de/HEBCGI/show.pl?49750612_cov.pdf $mV:DE-603;B:DE-Mb50 010@ $acze 010E $erda 011@ $a2018 $n2018 021A $aPlzeňský místopis $ddepa a pročpa se takhle řiká? $hJan Hajšman, Petr Mazný 028A $BVerfasser $4aut $71108328199 $8Hajšman, Jan$Z1970- [Tp3] $9384974465 028C $BVerfasser $4aut $71065352298 $8Mazný, Petr$Z1963- [Tp3] $9353701718 032@ $aVydání první 033A $pPlzeň $nStarý most 034D $a171 Seiten 034M $aIllustrationen (überwiegend farbig) 037A $aAlphabetisch geordnet 044K $qBVB $#Pilsen $#Plzeň $#Pilzeň $74076145-9 $8Pilsen [Tg1] $9085215899 044K $qBVB $RGeografischer Name $#Toponymy $#Toponymie $#Historischer Ortsname $#Siedlungsname $#Toponym $#Toponymikon $#Ortsnamen $74043950-1 $8Ortsname [Ts1] $9085122882 045F $a307.0943710905 $eDDC23BSB 045F/01 $a307.09 045F/03 $f0905 045F/03 $g4371 045T $aOST $qDE-12 $2FID lok: 49750612 24 exp: 49750612 24 1 #EPN 201B/01 $028-11-22 $t12:02:14.000 201C/01 $025-07-22 201U/01 $0utf8 203@/01 $01210341816 208@/01 $a28-11-22 $bz 209A/01 $a22.03897 $du $f050 $h22 03897 $x00 209C/01 $a22.03897 K $h22 03897 K 209G/01 $a74568181 $x00 220C/01 $akon 247C/01 $8358050-7Marburg, Bibliothek des Herder-Instituts Marburg $9102600961 lok: 49750612 78 exp: 49750612 78 1 #EPN 201B/01 $004-04-24 $t08:51:43.000 201C/01 $004-04-24 201U/01 $0utf8 203@/01 $01260219275 208@/01 $a04-04-24 $be 209A/01 $a/ $f000 $x00 209A/01 $ab*p $x01 220C/01 $apgar 244Z/01 $#Böhmische Kronländer $#Länder der Böhmischen Krone $#Sudetenland $#Böhmen $#Mähren $#Mährisch-Schlesien $#Österreichisch-Schlesien $#Tschechische Sozialistische Republik Böhmische Länder $#Tschechei Böhmische Länder $#Země koruny české $74069573-6 $8--Tg1--Böhmische Länder $x03 $9085195553 247C/01 $82080>Marburg/Lahn, Herder-Institut, Forschungsbibliothek, Bibliographieportal $9336309341
| LEADER | 00000cam a2200000 c 4500 | ||
|---|---|---|---|
| 001 | 497506122 | ||
| 003 | DE-603 | ||
| 005 | 20241202223232.0 | ||
| 007 | tu | ||
| 008 | 220725s2018 xx |||| | u00||u|cze c | ||
| 020 | |a 9788087338926 | ||
| 035 | |a (DE-599)BVBBV045298809 | ||
| 040 | |a DE-603 |b ger |c DE-603 |d DE-603 |e rda | ||
| 041 | |a cze | ||
| 082 | 0 | 4 | |8 1\u |a 307.0943710905 |q DE-101 |2 23/BSB |
| 084 | |a OST |q DE-12 |2 fid | ||
| 085 | |8 1\u |b 307.09 | ||
| 085 | |8 1\u |z 1 |s 0905 | ||
| 085 | |8 1\u |z 2 |s 4371 | ||
| 100 | 1 | |a Hajšman, Jan |d 1970- |e Verfasser |4 aut |0 (DE-603)384974465 |0 (DE-588)1108328199 |2 gnd | |
| 245 | 0 | 0 | |a Plzeňský místopis |b depa a pročpa se takhle řiká? |c Jan Hajšman, Petr Mazný |
| 250 | |a Vydání první | ||
| 264 | 1 | |a Plzeň |b Starý most |c 2018 | |
| 300 | |a 171 Seiten |b Illustrationen (überwiegend farbig) | ||
| 336 | |a Text |b txt |2 rdacontent | ||
| 336 | |a unbewegtes Bild |b sti |2 rdacontent | ||
| 337 | |a ohne Hilfsmittel zu benutzen |b n |2 rdamedia | ||
| 338 | |a Band |b nc |2 rdacarrier | ||
| 500 | |a Alphabetisch geordnet | ||
| 650 | 7 | |a Ortsname |0 (DE-588)4043950-1 |0 (DE-603)085122882 |2 gnd | |
| 651 | 7 | |a Pilsen |0 (DE-588)4076145-9 |0 (DE-603)085215899 |2 gnd | |
| 700 | 1 | |a Mazný, Petr |d 1963- |e Verfasser |4 aut |0 (DE-603)353701718 |0 (DE-588)1065352298 |2 gnd | |
| 856 | 4 | 2 | |m V:DE-603;B:DE-Mb50 |q application/pdf |u http://scans.hebis.de/HEBCGI/show.pl?49750612_toc.pdf |3 Inhaltsverzeichnis |
| 856 | 4 | 2 | |m V:DE-603;B:DE-Mb50 |q application/pdf |u http://scans.hebis.de/HEBCGI/show.pl?49750612_cov.pdf |3 Cover |
| 924 | 0 | |9 Mb 50 |a (DE-603)1210341816 |b DE-Mb50 |c HES |d c |g 22.03897 | |
| 924 | 0 | |9 2080 |a (DE-603)1260219275 |b DE-2080 |c HES |d d |g / | |


